Prelude to world war II (Record no. 425282)

000 -LEADER
fixed length control field 00377cam a22001337a 4500
008 - FIXED-LENGTH DATA ELEMENTS--GENERAL INFORMATION
fixed length control field 180718b1953 xxu||||| |||| 00| 0 eng d
082 ## - DEWEY DECIMAL CLASSIFICATION NUMBER
Classification number D49x4 Sa38
100 ## - MAIN ENTRY--PERSONAL NAME
Personal name Salvemini, Gaetano
245 ## - TITLE STATEMENT
Title Prelude to world war II
Statement of responsibility, etc. by Gaetano Salvemini
260 ## - PUBLICATION, DISTRIBUTION, ETC.
Place of publication, distribution, etc. London
Name of publisher, distributor, etc. Victor Gollancz
Date of publication, distribution, etc. 1953
300 ## - PHYSICAL DESCRIPTION
Extent 519p
650 ## - SUBJECT ADDED ENTRY--TOPICAL TERM
Topical term or geographic name entry element World War, 1939-1945 --Causes
650 ## - SUBJECT ADDED ENTRY--TOPICAL TERM
Topical term or geographic name entry element World politics
Holdings
Withdrawn status Lost status Damaged status Not for loan Permanent Location Current Location Date acquired Full call number Barcode Date last seen Price effective from Koha item type
        Indian Institute of Public Administration Indian Institute of Public Administration 2009-10-07 D49x4 Sa38 13210 2018-07-21 2018-07-21 Book

Powered by Koha